00348nam a2200121 a 4500008004100000020001800041050001400059100001800073245005100091260002600142300003500168650002300203190715s1999 ||||||||||||||||| || u a9780582369832 aT 354 Had aHadley, Brian10aPractical engineering drawingcBy Brian Hadley aHarlowbLongmanc1999 avii, 119 pages : illustrations aMECHANICAL DRAWING